000 00724nam0a22002411 4500
001 rc\55175
005 20250620162826.0
035 _a(NLR Aleph) 005332643
090 _a6608151
_c6608151
100 _a20021216d1993 |||y0rusy50 ca
101 0 _arus
102 _aRU
105 _aa |||||||||
200 1 _aФьючерсы и опционы
_e(Механизм сделок)
210 _aМ.
_cЗлатоцвет
_d1993
215 _a100 с.
_cсхем.
_d21
225 1 _aДосье делового человека
_vВып. 4
700 1 _aИванов
_bК.В.
_gКамиль Всеволодович
801 0 _aRU
_bNLR
_gpsbo
801 1 _aRU
_bELAR
_2rusmarc
852 _aNLR
_j93-4/7775
942 _cBOOK
980 _aNB